000 00235 a2200109 4500
020 _a9789332581180
100 _aRichard I. Levin
245 _aStatistics for management
250 _a8th ed.
260 _bPearson
_c2025
942 _cOO
999 _c115235
_d115234